[Event "Wch Rapid (Women)"]
[Site "St Petersburg"]
[Date "2018.12.26"]
[Round "1"]
[White "Alieva, Alexandra"]
[Black "Vega Gutierrez, Sabrina Neide"]
[Result "0-1"]
[WhiteElo "2102"]
[BlackElo "2390"]
[PlyCount "94"]
[EventDate "2018.12.26"]
[EventType "swiss (rapid)"]
[EventRounds "12"]
[EventCountry "RUS"]
[SourceTitle "CBM 187 Extra"]
[Source "ChessBase"]
[SourceDate "2018.11.04"]
[SourceVersion "1"]
[SourceVersionDate "2018.11.04"]
[SourceQuality "1"]

1. e4 c5 2. Nf3 e6 3. b3 Nc6 4. Bb2 b6 5. Bd3 Bb7 6. c4 Nb4 7. Bc2 Nxc2+ 8. Qxc2 d6 9. d4 cxd4 10. Nxd4 Nf6 11. Nc3 Be7 12. 0-0 0-0 13. Rad1 Qb8 14. Ba3 Nd7 15. Qe2 a6 16. f4 Re8 17. f5 e5 18. Nc2 b5 19. cxb5 axb5 20. Qxb5 Qc7 21. Rf3 Nf6 22. Qe2 Rxa3 23. Nxa3 Qc5+ 24. Kh1 Qxa3 25. Qb5 Qa6 26. Qxa6 Bxa6 27. h3 Rc8 28. Re3 Bb7 29. a4 Kf8 30. a5 Bd8 31. Ra1 Ba6 32. b4 Rb8 33. b5 Bb7 34. a6 Ba8 35. Rd1 Bb6 36. Re2 Ke7 37. Rb1 Bd4 38. Nd5+ Bxd5 39. exd5 Nxd5 40. Rc2 Kd7 41. Rb3 Nc7 42. Ra2 Rxb5 43. a7 Rxb3 44. a8Q Nxa8 45. Rxa8 Rb1+ 46. Kh2 e4 47. Kg3 Rf1 0-1

[Event "Wch Rapid (Women)"]
[Site "St Petersburg"]
[Date "2018.12.26"]
[Round "4"]
[White "Mammadzada, Gunay Vuqar Qizi"]
[Black "Alieva, Alexandra"]
[Result "1-0"]
[WhiteElo "2422"]
[BlackElo "2102"]
[PlyCount "91"]
[EventDate "2018.12.26"]
[EventType "swiss (rapid)"]
[EventRounds "12"]
[EventCountry "RUS"]
[SourceTitle "CBM 187 Extra"]
[Source "ChessBase"]
[SourceDate "2018.11.04"]
[SourceVersion "1"]
[SourceVersionDate "2018.11.04"]
[SourceQuality "1"]

1. e4 e5 2. Nf3 Nc6 3. Bb5 a6 4. Ba4 Nf6 5. 0-0 b5 6. Bb3 Be7 7. Re1 0-0 8. c3 d6 9. d4 Bg4 10. Be3 d5 11. exd5 e4 12. dxc6 exf3 13. gxf3 Bh5 14. Bf4 Bd6 15. Bg3 Qc8 16. Nd2 Qf5 17. Qc2 Qg5 18. Ne4 Nxe4 19. fxe4 Bf4 20. Qd3 Bd2 21. Rf1 Bf4 22. Kh1 Bg6 23. Qf3 Bxg3 24. fxg3 Rae8 25. e5 h6 26. Qf4 Qe7 27. Rae1 Kh7 28. Kg2 Rd8 29. d5 a5 30. a3 a4 31. Ba2 Qc5 32. Rd1 Rfe8 33. Rfe1 Bc2 34. Rd4 Bg6 35. g4 f6 36. e6 Rd6 37. h4 Kg8 38. Rf1 Re7 39. g5 hxg5 40. hxg5 f5 41. Rh1 Rexe6 42. dxe6 Qxc6+ 43. Kh2 Kf8 44. Rhd1 Ke7 45. Bd5 Qc5 46. Qe5 1-0

[Event "Sharjah Cup (Women) 9th"]
[Site "Sharjah"]
[Date "2018.12.15"]
[Round "3"]
[White "Alieva, Alexandra"]
[Black "Velikic, Adela"]
[Result "0-1"]
[WhiteElo "2102"]
[BlackElo "2298"]
[PlyCount "46"]
[EventDate "2018.12.14"]
[EventType "swiss"]
[EventRounds "9"]
[EventCountry "UAE"]
[SourceTitle "CBM 187 Extra"]
[Source "ChessBase"]
[SourceDate "2018.11.04"]
[SourceVersion "1"]
[SourceVersionDate "2018.11.04"]
[SourceQuality "1"]

1. e4 e6 2. d4 d5 3. Nd2 c5 4. c3 cxd4 5. cxd4 dxe4 6. Nxe4 Nf6 7. Nc3 Bd7 8. Nf3 Bc6 9. Bd3 Nbd7 10. 0-0 Be7 11. Bc2 Qc7 12. Bg5 0-0 13. Qd3 Rfd8 14. Bh4 Rac8 15. Rfe1 Qb6 16. Ng5 Nf8 17. Rad1 Qxb2 18. Bb3 Bb4 19. Rc1 Bd5 20. Bxd5 Rxc3 21. Qb1 Rxc1 22. Rxc1 Qxb1 23. Rxb1 Nxd5 0-1

[Event "Moscow op-F 14th"]
[Site "Moscow"]
[Date "2018.02.02"]
[Round "8"]
[White "Alieva, Alexandra"]
[Black "Jaiswal, Rupesh"]
[Result "0-1"]
[WhiteElo "2100"]
[BlackElo "2152"]
[PlyCount "150"]
[EventDate "2018.01.26"]
[EventType "swiss"]
[EventRounds "9"]
[EventCountry "RUS"]
[SourceTitle "CBM 182 Extra"]
[Source "ChessBase"]
[SourceDate "2018.02.23"]
[SourceVersion "1"]
[SourceVersionDate "2018.02.23"]
[SourceQuality "1"]

1. e4 e6 2. d4 d5 3. Nd2 Nf6 4. Bd3 c5 5. c3 Nc6 6. Ngf3 cxd4 7. cxd4 Qb6 8. 0-0 Be7 9. a3 0-0 10. e5 Ne8 11. Nb3 f5 12. exf6 Nxf6 13. Bg5 Bd7 14. Ne5 Be8 15. Bb1 h6 16. Bh4 Bh5 17. Qc2 Nxe5 18. dxe5 Rac8 19. Qd3 Ne4 20. Bg3 Bg6 21. Ba2 Kh7 22. Qd4 Qa6 23. Rac1 b6 24. Bb1 Bg5 25. Rxc8 Rxc8 26. Qd3 Qxd3 27. Bxd3 Nd2 28. Ba6 Rc2 29. Nxd2 Bxd2 30. b4 Rc1 31. f3 Rxf1+ 32. Kxf1 Bc1 33. a4 Kg8 34. Bf2 Bd2 35. a5 bxa5 36. bxa5 Bxa5 37. Bxa7 Bc3 38. Bb8 Kf7 39. g4 Bd2 40. Ke2 Bf4 41. h3 Ke8 42. Bc8 Kf7 43. Bd6 Bb1 44. Ba6 Ke8 45. Bb5+ Kd8 46. Kd1 Kc8 47. Ba6+ Kd7 48. Bb5+ Kd8 49. Ke2 Bg6 50. Ba6 Be8 51. Bd3 Bc6 52. Ba6 Kd7 53. Bd3 Ba4 54. Ba6 Bc6 55. Bd3 Kc8 56. Ba6+ Kd8 57. Bd3 Kd7 58. Ba6 Ba4 59. h4 Bc6 60. Bd3 Kc8 61. Ba6+ Kd8 62. h5 Kd7 63. Bb8 Ba4 64. Bd6 Bc6 65. Bd3 Kc8 66. Ba6+ Kd8 67. Bb8 Kd7 68. Bd6 Ba4 69. Bb8 Kc6 70. Bc8 Bb5+ 71. Kd1 d4 72. Bxe6 d3 73. Bb3 Kc5 74. Ke1 Kb4 75. Bd1 Be3 0-1

[Event "St Petersburg Summer op"]
[Site "St Petersburg"]
[Date "2017.08.20"]
[Round "5"]
[White "Alieva, Alexandra"]
[Black "Bezstrakhov, Dmitry"]
[Result "0-1"]
[WhiteElo "2165"]
[BlackElo "1952"]
[PlyCount "104"]
[EventDate "2017.08.16"]
[EventType "swiss"]
[EventRounds "9"]
[EventCountry "RUS"]
[SourceTitle "CBM 180 Extra"]
[Source "ChessBase"]
[SourceDate "2017.10.06"]
[SourceVersion "1"]
[SourceVersionDate "2017.10.06"]
[SourceQuality "1"]

1. e4 d6 2. d4 Nf6 3. Nc3 c6 4. Nf3 Bg4 5. Be2 Nbd7 6. a4 e5 7. 0-0 Be7 8. dxe5 dxe5 9. Nd2 Bxe2 10. Qxe2 0-0 11. Nc4 Qc7 12. f4 Bc5+ 13. Kh1 Bd4 14. fxe5 Bxe5 15. Nxe5 Qxe5 16. Rf5 Qe6 17. Bd2 Rfe8 18. Raf1 Ne5 19. Qf2 Nfd7 20. Qg3 f6 21. h4 Re7 22. h5 Kh8 23. R5f4 Rae8 24. b3 Nf7 25. Ne2 Nd6 26. Nc3 Nc5 27. Re1 Qe5 28. Qf3 Qd4 29. e5 Qxd2 30. Rd1 Qxc2 31. exd6 Re3 32. d7 Nxd7 33. Qf2 Qxc3 34. Rxd7 Re1+ 35. Kh2 Qe5 36. Qg3 Qxh5+ 37. Rh4 Qe5 38. Rf4 g5 39. Rf3 Re7 40. Rxe7 Qxg3+ 41. Kxg3 Rxe7 42. Rxf6 Kg7 43. Rf3 Kg6 44. Rd3 h5 45. Kf3 Kf5 46. Rd8 g4+ 47. Kf2 h4 48. Rh8 Re4 49. Rxh4 Rb4 50. Rh5+ Kf4 51. g3+ Ke4 52. Rc5 Kd3 0-1

[Event "Moscow-ch (Women)"]
[Site "Moscow"]
[Date "2017.04.01"]
[Round "1"]
[White "Kruglikova, Viktorija"]
[Black "Alieva, Alexandra"]
[Result "0-1"]
[WhiteElo "1796"]
[BlackElo "2138"]
[PlyCount "54"]
[EventDate "2017.04.01"]
[EventType "swiss"]
[EventRounds "9"]
[EventCountry "RUS"]
[SourceTitle "CBM 177 Extra"]
[Source "ChessBase"]
[SourceDate "2017.04.27"]
[SourceVersion "1"]
[SourceVersionDate "2017.04.27"]
[SourceQuality "1"]

1. Nf3 Nf6 2. b3 g6 3. Bb2 Bg7 4. g3 0-0 5. Bg2 d5 6. 0-0 b6 7. c4 e6 8. d3 Bb7 9. Qc2 Nbd7 10. Nbd2 Re8 11. Ne5 c5 12. Ndf3 d4 13. Nxd7 Nxd7 14. b4 e5 15. b5 f5 16. a4 a5 17. Rad1 e4 18. Nd2 Qe7 19. Rde1 Rad8 20. e3 exd3 21. Qxd3 Ne5 22. Qc2 Bxg2 23. Kxg2 Qb7+ 24. e4 fxe4 25. Nxe4 d3 26. Qb3 d2 27. Re2 Nd3 0-1

[Event "Moscow op-B (Women) 13th"]
[Site "Moscow"]
[Date "2017.02.04"]
[Round "8"]
[White "Alieva, Alexandra"]
[Black "Belenkaya, Dina"]
[Result "0-1"]
[WhiteElo "2104"]
[BlackElo "2319"]
[PlyCount "50"]
[EventDate "2017.01.28"]
[EventType "swiss"]
[EventRounds "9"]
[EventCountry "RUS"]
[SourceTitle "EXT 2018"]
[Source "ChessBase"]
[SourceDate "2017.10.13"]
[SourceVersion "1"]
[SourceVersionDate "2017.10.13"]
[SourceQuality "1"]

1. e4 c6 2. d4 d5 3. Nc3 dxe4 4. Nxe4 Nf6 5. Nxf6+ exf6 6. c3 Bd6 7. Bd3 0-0 8. Ne2 Re8 9. Qc2 h6 10. 0-0 Qc7 11. Ng3 Nd7 12. Bd2 Nf8 13. Rfe1 Be6 14. c4 Rad8 15. c5 Bxg3 16. hxg3 Rxd4 17. Bf4 Qa5 18. b4 Qxb4 19. Rab1 Qa5 20. Red1 Rd7 21. a4 Bd5 22. Bd2 Qd8 23. a5 Bf3 24. gxf3 Rxd3 25. Rxb7 Re2 0-1

[Event "Samara Polugaevsky Memorial 6th"]
[Site "Samara"]
[Date "2016.07.05"]
[Round "3"]
[White "Alieva, Alexandra"]
[Black "Lysokon, Polina"]
[Result "1-0"]
[WhiteElo "2115"]
[BlackElo "1488"]
[PlyCount "64"]
[EventDate "2016.07.03"]
[EventType "swiss"]
[EventRounds "9"]
[EventCountry "RUS"]
[SourceTitle "EXT 2019"]
[Source "ChessBase"]
[SourceDate "2018.10.10"]
[SourceVersion "1"]
[SourceVersionDate "2018.10.10"]
[SourceQuality "1"]

1. e4 c6 2. d4 d5 3. exd5 cxd5 4. c4 Nf6 5. Nc3 Nc6 6. Nf3 g6 7. cxd5 Nxd5 8. Bc4 Be6 9. Qb3 Nxc3 10. Bxe6 fxe6 11. bxc3 Qd7 12. 0-0 Na5 13. Qb4 Nc6 14. Qb5 a6 15. Qe2 Bg7 16. Ng5 e5 17. Qc4 Nd8 18. dxe5 Bxe5 19. Ba3 Qb5 20. Qg4 Bxc3 21. Rac1 Bf6 22. Rc5 Qd7 23. Qc4 Bxg5 24. Rxg5 Rc8 25. Qb3 Qe6 26. Qb2 Nf7 27. Rg3 Rc7 28. Re3 Qf5 29. Qg7 e6 30. Rfe1 Qa5 31. Re4 Kd8 32. Qd4+ Kc8 1-0